| Tag |
First Indicator |
Second Indicator |
Subfields |
| LEADER |
00000cam a22000001i 4500 |
| 001 |
in00002503511 |
| 005 |
20190327173444.0 |
| 006 |
m||||||||d|||||||| |
| 007 |
cr |n ---||a|a |
| 008 |
871002s1879 pauabf s 000|0 eng d |
| 010 |
|
|
|a 05029787
|
| 035 |
|
|
|9 (DLC) 05029787
|
| 035 |
|
|
|a (OCoLC)16799468
|
| 035 |
|
|
|a (VaAlASP)ASPS00014942/bltc
|
| 040 |
|
|
|a DLC
|c TxLT
|d TxLT
|d OCoLC
|d DLC
|d VaAlASP
|d UtOrBLW
|
| 050 |
0 |
0 |
|a GN370
|b .D33
|
| 100 |
1 |
|
|a Delany, Martin Robison,
|d 1812-1885.
|
| 245 |
1 |
0 |
|a Principia of ethnology :
|b the origin of races and color, with an archeological compendium of Ethiopian and Egyptian civilization, from years of careful examination and enquiry, /
|c by Martin R. Delany...
|
| 264 |
|
1 |
|a Philadelphia :
|b Harper & brother,
|c 1879.
|
| 300 |
|
|
|a viii, [9]-95 pages :
|b including illustrations, plate, map, 2 preliminary leaves ;
|c 21 cm.
|
| 336 |
|
|
|a text
|b txt
|2 rdacontent
|
| 337 |
|
|
|a computer
|b c
|2 rdamedia
|
| 338 |
|
|
|a online resource
|b cr
|2 rdacarrier
|
| 533 |
|
|
|a Electronic reproduction.
|b Alexandria, VA :
|c Alexander Street Press,
|d 2005.
|f (Black thought and culture).
|n Available via World Wide Web.
|
| 500 |
|
|
|a Electronic resource.
|
| 650 |
|
0 |
|a Monogenism and polygenism.
|
| 650 |
|
0 |
|a Human skin color.
|
| 650 |
|
0 |
|a Black race.
|
| 651 |
|
0 |
|a Egypt
|x Civilization.
|
| 655 |
|
0 |
|a Electronic books.
|
| 776 |
1 |
|
|c Original
|w (DLC) 05029787
|
| 830 |
|
0 |
|a Black thought and culture.
|
| 856 |
4 |
0 |
|z Connect to the full text of this electronic book
|u http://proxy.library.tamu.edu/login?url=http://www.aspresolver.com/aspresolver.asp?BLTC;S14942
|t 0
|
| 999 |
|
|
|a MARS
|
| 999 |
f |
f |
|s 1a1c7ae5-7612-34d0-8faa-7ba42b5ddf59
|i 1d06cffa-c93e-375a-afc9-11db3fb43dca
|t 0
|
| 952 |
f |
f |
|a Texas A&M University
|b College Station
|c Electronic Resources
|d Available Online
|t 0
|e GN370 .D33
|h Library of Congress classification
|
| 998 |
f |
f |
|a GN370 .D33
|t 0
|l Available Online
|